Formes des pays commençant par G. - Statistiques

Statistiques générales
  • Ce quiz a été pris 63 fois
  • Le résultat moyen est 9 sur 11
Statistiques - réponses
Par images Réponse % Correct
Grèce
97%
Gambie
85%
Ghana
85%
Guinée équatoriale
83%
Guatemala
80%
Guinée-Bissau
78%
Géorgie
76%
Grenade
76%
Guinée
76%
Gabon
75%
Guyana
71%
Aucun quiz correspondant
Distribution des résultats
% des personnes avec chaque résultat
Percentile par nombre de réponses
Votre historique - résultats
Vous n’avez pas pris ce quiz